Normal view
MARC view
- Capitalism
Entry Geographic Name
001 - CONTROL NUMBER
- control field: 121368
003 - CONTROL NUMBER IDENTIFIER
- control field: NUST
005 - DATE AND TIME OF LATEST TRANSACTION
- control field: 20240227094526.0
008 - FIXED-LENGTH DATA ELEMENTS
- fixed length control field: 240227|| aca||aabn | a|a d
040 ## - CATALOGING SOURCE
- Original cataloging agency: NUST
- Transcribing agency: NUST
151 ## - HEADING--GEOGRAPHIC NAME
- Geographic name: Capitalism
- Form subdivision: Morral and ethical aspects
670 ## - SOURCE DATA FOUND
- Source citation: Work cat.: (NUST): Palmer,Tom G 121367, The Morality of Capitalism, 2011.
